000 00232 a2200097 4500
001 14648
100 _aZenkov sky S.A
245 _aPan tarkism Islam in russia
260 _amassachuse
_bharvard univ press
_c
090 _c11434
_d11434
942 _aNUST-CAE
_cM
_c1597
999 _c249721
_d249721